000 00436nam a2200181Ia 4500
001 23326
005 20260414150929.0
008 260414t2006||||xx |||||||||||||| ||spa||
041 _aESP
082 _a629.8
_bH89
100 _aHuidobro Moya, José Manuel
_eAUT
245 0 _aDomótica :
_bedificios inteligentes
260 _c2006
300 _a360 páginas :
_c\N
650 _aCNM
654 _aCCN
942 _cLIB
_dJUS
_fJUS
_2ddc
_n
999 _c23326
_d23326